Welcome to WEB OPAC of MRSPTU Central Library

Generation distribution and utilization of electrical energy (Record no. 4420)

MARC details
000 -LEADER
fixed length control field 00426nam a2200157Ia 4500
008 - FIXED-LENGTH DATA ELEMENTS--GENERAL INFORMATION
fixed length control field 230711s9999||||xx |||||||||||||| ||und||
041 ## - LANGUAGE CODE
Language code of text/sound track or separate title ENG
082 ## - DEWEY DECIMAL CLASSIFICATION NUMBER
Classification number 621
Item number WA-G
100 ## - MAIN ENTRY--PERSONAL NAME
Personal name Wadhwa,C.L
245 #0 - TITLE STATEMENT
Title Generation distribution and utilization of electrical energy
250 ## - EDITION STATEMENT
Edition statement 2nd . Ed.
260 ## - PUBLICATION, DISTRIBUTION, ETC.
Date of publication, distribution, etc. 2006
Place of publication, distribution, etc. New Delhi
Name of publisher, distributor, etc. New Age International Publishers
300 ## - PHYSICAL DESCRIPTION
Extent 446
650 ## - SUBJECT ADDED ENTRY--TOPICAL TERM
Topical term or geographic name entry element Electrical Engineering
942 ## - ADDED ENTRY ELEMENTS (KOHA)
Koha item type Book
Holdings
Withdrawn status Lost status Damaged status Not for loan Collection Home library Current library Date acquired Total checkouts Full call number Barcode Date last seen Price effective from Koha item type Date last checked out
          MRSPTU Central Library MRSPTU Central Library     621 WA-G 15112 08/17/2023 08/17/2023 Book  
          MRSPTU Central Library MRSPTU Central Library     621 WA-G 10612 08/17/2023 08/17/2023 Book  
          MRSPTU Central Library MRSPTU Central Library     621 WA-G 10613 08/17/2023 08/17/2023 Book  
          MRSPTU Central Library MRSPTU Central Library     621 WA-G 10614 08/17/2023 08/17/2023 Book  
          MRSPTU Central Library MRSPTU Central Library     621 WA-G 10615 08/17/2023 08/17/2023 Book  
          MRSPTU Central Library MRSPTU Central Library     621 WA-G 10616 08/17/2023 08/17/2023 Book  
          MRSPTU Central Library MRSPTU Central Library     621 WA-G 10617 08/17/2023 08/17/2023 Book  
          MRSPTU Central Library MRSPTU Central Library     621 WA-G 10618 08/17/2023 08/17/2023 Book  
          MRSPTU Central Library MRSPTU Central Library     621 WA-G 10619 08/17/2023 08/17/2023 Book  
          MRSPTU Central Library MRSPTU Central Library     621 WA-G 10620 08/17/2023 08/17/2023 Book  
          MRSPTU Central Library MRSPTU Central Library     621 WA-G 15113 08/17/2023 08/17/2023 Book  
          MRSPTU Central Library MRSPTU Central Library   1 621 WA-G 15114 11/04/2024 08/17/2023 Book 10/08/2024
          MRSPTU Central Library MRSPTU Central Library     621 WA-G 15115 08/17/2023 08/17/2023 Book  
          MRSPTU Central Library MRSPTU Central Library     621 WA-G 17773 08/17/2023 08/17/2023 Book  
          MRSPTU Central Library MRSPTU Central Library     621 WA-G 17774 08/17/2023 08/17/2023 Book  
          MRSPTU Central Library MRSPTU Central Library     621 WA-G 17775 08/17/2023 08/17/2023 Book  
          MRSPTU Central Library MRSPTU Central Library     621 WA-G 17776 08/17/2023 08/17/2023 Book  
          MRSPTU Central Library MRSPTU Central Library     621 WA-G 17777 08/17/2023 08/17/2023 Book  

Website Designed and Developed by MRSPTU Central Library Team

E-mail Id: librarian@mrsptu.ac.in